<?xml version="1.0" encoding="UTF-8"?>
<collection xmlns="http://www.loc.gov/MARC21/slim">
<record>
  <controlfield tag="001">8038</controlfield>
  <controlfield tag="005">20260227152043.0</controlfield>
  <datafield tag="024" ind1="7" ind2=" ">
    <subfield code="a">10.24414/qnza-ac80</subfield>
    <subfield code="2">DOI</subfield>
  </datafield>
  <datafield tag="037" ind1=" " ind2=" ">
    <subfield code="a">DATASET-2026-0020</subfield>
  </datafield>
  <datafield tag="100" ind1=" " ind2=" ">
    <subfield code="a">Lefèvre, Laure</subfield>
  </datafield>
  <datafield tag="245" ind1=" " ind2=" ">
    <subfield code="a">International Sunspot Number</subfield>
  </datafield>
  <datafield tag="260" ind1=" " ind2=" ">
    <subfield code="c">2025</subfield>
  </datafield>
  <datafield tag="520" ind1=" " ind2=" ">
    <subfield code="a">The International Sunspot Number computed by the World Data Center SILSO measures the number of spots and groups of spots on the surface of the Sun every day through a worldwide network of observing stations according to a formula developped by R. Wolf in 1851 (Wolf, R.: 1851, Sonnenflecken-Beobachtungen in der zweiten Hälfte des Jahres 1850. Mitt. Nat.forsch. Ges. Bern 207, 89.). Its first version was called the Zürich sunspot number series (or Sunspot Number version 1.0). In 2015, the historical series (version 1.0) was replaced by a new improved version (version 2.0) that includes several corrections of past inhomogeneities in the time series described in (Clette, F., Svalgaard, L., Vaquero, J.M., Cliver, E. W., 2014: Revisiting the Sunspot Number. A 400-Year Perspective on the Solar Cycle, Space Science Reviews, Volume 186, Issue 1-4, pp. 35-103. DOI: 10.1007/s11214-014-0074-2; Clette, F., Lefèvre, L., 2016, The New Sunspot Number: assembling all corrections, Solar Physics, 291, DOI: 10.1007/s11207-016-1014-y; Clette, F., Lefèvre, L., Cagnotti, M., Cortesi, S., Bulling, A., 2016: The Revised Brussels-Locarno Sunspot Number (1981 - 2015), Solar Physics, 291, DOI: 10.1007/s11207-016-0875-4 and Clette, F., Cliver, E.W., Lefèvre, L, Svalgaard, L., Vaquero, J.M., Leibacher, J.W., 2016: Preface to Topical Issue: Recalibration of the Sunspot Number, Solar Phys., 291, DOI: 10.1007/s11207-016-1017).</subfield>
  </datafield>
  <datafield tag="594" ind1=" " ind2=" ">
    <subfield code="a">STCE</subfield>
  </datafield>
  <datafield tag="653" ind1="1" ind2=" ">
    <subfield code="a">Sunspot Number</subfield>
  </datafield>
  <datafield tag="700" ind1=" " ind2=" ">
    <subfield code="a">Mampaey, Benjamin</subfield>
  </datafield>
  <datafield tag="700" ind1=" " ind2=" ">
    <subfield code="a">Lemaitre, Olivier</subfield>
  </datafield>
  <datafield tag="856" ind1="0" ind2=" ">
    <subfield code="f">laure.lefevre@ksb-orb.be</subfield>
  </datafield>
  <datafield tag="856" ind1="4" ind2="2">
    <subfield code="a">https://www.sidc.be/SILSO/datafiles</subfield>
  </datafield>
  <datafield tag="980" ind1=" " ind2=" ">
    <subfield code="a">DATASET</subfield>
  </datafield>
</record>
</collection>